00708 2200253 4500001002100000005001700021008004100038020002200079035002400101040001200125082002100137084002100158090002100179100001500200245005500215250001100270260003800281300003200319500003100351650001600382700002300398850001200421990002100433INLIS00000000000005020141029080130.0  a978-979-29-3440-3 0010-081400000103243 aYOPDYOG aDEP 636.07 Emi S aDEP 636.07 Emi S aDEP 636.07 Emi S aEMIL SALIM aSukses bisnis dan beternak sapi potongcEmil Salim aCet. 1 aYogyakartabLily Publishersc2013 avi, 129 hlm.bilus.c25 cm. aBibliografi : hlm. 127-129 aTernak Sapi aTh. Arie Prabawati aYOPDYOG aCB-D.11-2013-744